01179nam a2200193Ia 4500001001100000003001000011008004100021040002500062041001300087100001800100245007800118250001100196260009600207300001200303500026000315501011400575520026000689650003600949L200-52822IT-CnALBA170116s9999||||xx |||||||||||||| ||und|| aIT-CnALBAcIT-CnALBA aITALIANO aCRESPI PIETRO 0aGIOVANNI BATTISTA MONTINI. IL MAGISTERO SULLA VITA RELIGIOSA. 1955-1963.  a1a ed. aCZbRUBBETTINO EDITORE. SOVERIA MANNELLI CZ'c1998 [1° Ed.:1998 - Ed.Ling.Originale: 1998] a312 p.  aPRESENTAZIONE DI BORZONATI P. NOTA PREVIA. INTRODUZIONE. I RELIGIOSI NELLA VITA DI G. B. MONTINI 1897 1920. LINEAMENTI STORICI. FAMIGLIA MONTINI. ANNI DI FORMAZIONE. LA LEZIONE DEI FILIPPINI DELLA PACE. GLI ANNI MILANESI. MAGISTERO MONTINIANO SULLA VITA R aSocietà San Paolo EM - Piazza San Paolo, 14 - 12051 ALBA (CN) (non commercial uses only) ® Copyright 2017 aPRESENTAZIONE DI BORZONATI P. NOTA PREVIA. INTRODUZIONE. I RELIGIOSI NELLA VITA DI G. B. MONTINI 1897 1920. LINEAMENTI STORICI. FAMIGLIA MONTINI. ANNI DI FORMAZIONE. LA LEZIONE DEI FILIPPINI DELLA PACE. GLI ANNI MILANESI. MAGISTERO MONTINIANO SULLA VITA R aRELIGIONE - RELIGIONE CRISTIANA